| Tag |
First Indicator |
Second Indicator |
Subfields |
| LEADER |
00000cam a2200000 a 4500 |
| 001 |
in00001237188 |
| 005 |
20151003062337.0 |
| 008 |
950424s1994 it a b i000 0 eng d |
| 020 |
|
|
|a 9251034877
|
| 035 |
|
|
|a (OCoLC)32359868
|
| 035 |
|
|
|9 AGS7478AM
|
| 040 |
|
|
|a DJB
|c DJB
|d TXA
|d UtOrBLW
|
| 049 |
|
|
|a TXAM
|
| 090 |
|
|
|a HD1417
|b .S78 1994
|
| 100 |
1 |
|
|a Subramanian, S.
|q (Sreenivasan),
|d 1953-
|
| 245 |
1 |
0 |
|a Structural adjustment and agriculture :
|b African and Asian experiences /
|c by S. Subramanian, E. Sadoulet and A. de Janvry.
|
| 264 |
|
1 |
|a Rome :
|b Food and Agriculture Organization of the United Nations,
|c 1994.
|
| 300 |
|
|
|a ix, 150 pages :
|b illustrations ;
|c 21 cm.
|
| 336 |
|
|
|a text
|b txt
|2 rdacontent
|
| 337 |
|
|
|a unmediated
|b n
|2 rdamedia
|
| 338 |
|
|
|a volume
|b nc
|2 rdacarrier
|
| 490 |
1 |
|
|a FAO economic and social development paper,
|x 0259-2460 ;
|v 124
|
| 500 |
|
|
|a "M-60"--Title page verso.
|
| 504 |
|
|
|a Includes bibliographical references (pages 147-150).
|
| 650 |
|
0 |
|a Agriculture
|x Economic aspects
|z Africa.
|
| 650 |
|
0 |
|a Agriculture
|x Economic aspects
|z Asia.
|
| 650 |
|
0 |
|a Structural adjustment (Economic policy)
|z Africa.
|
| 650 |
|
0 |
|a Structural adjustment (Economic policy)
|z Asia.
|
| 700 |
1 |
|
|a Sadoulet, Elisabeth,
|d 1945-
|
| 700 |
1 |
|
|a De Janvry, Alain.
|
| 710 |
2 |
|
|a Food and Agriculture Organization of the United Nations.
|
| 830 |
|
0 |
|a FAO economic and social development paper.
|x 0259-2460 ;
|v 124.
|
| 999 |
|
|
|a MARS
|
| 999 |
f |
f |
|s 3a065935-dc5f-3e42-a560-2a1908d205e1
|i 4e1301b8-97ab-3626-bf4f-be170a711795
|t 0
|
| 952 |
f |
f |
|p ric
|a Texas A&M University
|b Rellis Campus
|c Joint Library Facility
|d Remote Storage
|t 0
|e HD1417 .S78 1994
|h Library of Congress classification
|i unmediated -- volume
|m A14819322995
|
| 998 |
f |
f |
|a HD1417 .S78 1994
|t 0
|l Remote Storage
|